| 000 | 00490cam a2200145 4500500 | ||
|---|---|---|---|
| 005 | 20260208010126.0 | ||
| 041 | _afre | ||
| 042 | _adc | ||
| 100 | 1 | 0 |
_aRey, Pierre-Louis _eauthor |
| 245 | 0 | 0 | _aLes classiques de demain |
| 260 | _c2013. | ||
| 500 | _a75 | ||
| 786 | 0 | _nRevue d'histoire littéraire de la France | 113 | 3 | 2013-09-25 | p. 513-525 | 0035-2411 | |
| 856 | 4 | 1 | _uhttps://shs.cairn.info/revue-d-histoire-litteraire-de-la-france-2013-3-page-513?lang=fr&redirect-ssocas=7080 |
| 999 |
_c1655234 _d1655234 |
||